| 000 | 00508nam a2200169 a 4500 | ||
|---|---|---|---|
| 001 | 000044064 | ||
| 005 | 20201002045126.0 | ||
| 008 | 140515s1962 enk 000 0 spa d | ||
| 040 |
_aDO-SdBNP _bspa _cBNPHU |
||
| 082 |
_axxxx _bxxxx |
||
| 100 | 1 |
_aFernaández de Castro, Ignacio. _972052 |
|
| 245 | 1 | 3 |
_aLa demagogia de los hechos / _cIgnacio Fernaández de Castro. |
| 260 |
_a[París] : _bRuedo Ibérico, _c[1962]. |
||
| 300 |
_a211 p. ; _c18 cm. |
||
| 490 | 1 |
_aPolítica _v1 |
|
| 830 | 0 |
_aPolítica ; _n1 _972053 |
|
| 999 |
_c43553 _d43553 |
||